| 000 | 00533nam a2200193Ia 4500 | ||
|---|---|---|---|
| 999 |
_c56868 _d56868 |
||
| 001 | 2099 | ||
| 003 | GE_BSU | ||
| 005 | 20190524185405.0 | ||
| 008 | 181216s2005||||enk|||||||||||||| ||eng|| | ||
| 040 | _cGE_BSU | ||
| 041 | _aeng | ||
| 080 | _a811.111 C-95 | ||
| 100 |
_aCurry, Dean _91616 |
||
| 245 |
_aKaleidoscope / _bESL Activities in speaking and writing. _cDean Curry |
||
| 264 |
_aWashington, _c2005. |
||
| 300 |
_a51 p. _b il. |
||
| 653 | _aსაქმიანი საუბარი და წერა | ||
| 942 |
_cBK _2udc |
||